[Event "Bled op 15th"]
[Site "Bled"]
[Date "1994.??.??"]
[Round "?"]
[White "Golubovic, Boris"]
[Black "Kaplan, Lael"]
[Result "1-0"]
[WhiteElo "2370"]
[BlackElo "2215"]
[PlyCount "153"]
[EventDate "1994.03.??"]
[EventType "swiss"]
[EventRounds "9"]
[EventCountry "SLO"]
[SourceTitle "TD"]
[Source "ChessBase"]
[SourceDate "1994.03.01"]
[SourceVersion "1"]
[SourceVersionDate "1994.03.01"]
[SourceQuality "1"]

1. e4 c5 2. Nc3 Nc6 3. g3 g6 4. Bg2 Bg7 5. d3 d6 6. Be3 e6 7. Qd2 Nge7 8. Bh6 Bxh6 9. Qxh6 Nd4 10. Qd2 Nec6 11. Nd1 Qa5 12. Qxa5 Nxa5 13. Ne3 e5 14. c3 Ne6 15. Ne2 Nc6 16. 0-0 0-0 17. f4 f6 18. Nd5 Kg7 19. fxe5 fxe5 20. a3 Bd7 21. b4 b6 22. h4 Rxf1+ 23. Rxf1 Rf8 24. Rb1 Rb8 25. Nc1 Ned8 26. Nb3 Be6 27. Nd2 Nf7 28. Kf2 Rb7 29. Ke3 Ne7 30. Bf3 Nxd5+ 31. exd5 Bc8 32. g4 Nh6 33. Rg1 cxb4 34. axb4 Rc7 35. Ne4 Nf7 36. g5 Bf5 37. c4 Bxe4 38. Bxe4 a5 39. Kd2 Ra7 40. Ra1 h6 41. gxh6+ Kxh6 42. bxa5 bxa5 43. Kc3 g5 44. hxg5+ Nxg5 45. c5 Nxe4+ 46. dxe4 dxc5 47. Kc4 a4 48. Kxc5 a3 49. d6 Kg5 50. Kb6 Ra4 51. d7 Rd4 52. Kc7 Kf4 53. Rxa3 Kxe4 54. Ra4 Rxa4 55. d8Q Rd4 56. Qf6 Rd3 57. Kc6 Rd4 58. Qf2 Rd3 59. Qe2+ Kd4 60. Kd6 e4 61. Qb2+ Kc4+ 62. Ke5 e3 63. Ke4 Rb3 64. Qa2 Kb4 65. Kd4 e2 66. Qxe2 Ka3 67. Qd2 Rb4+ 68. Kc5 Rb2 69. Qc3+ Ka2 70. Kc4 Ka1 71. Qa5+ Kb1 72. Qa4 Rc2+ 73. Kd3 Rb2 74. Kc3 Rf2 75. Qe4+ Ka2 76. Qe6+ Kb1 77. Qe1+ 1-0

[Event "Bled op 15th"]
[Site "Bled"]
[Date "1994.??.??"]
[Round "?"]
[White "Kaplan, Lael"]
[Black "Kaenel, Hansjuerg"]
[Result "1/2-1/2"]
[WhiteElo "2215"]
[BlackElo "2390"]
[PlyCount "79"]
[EventDate "1994.03.??"]
[EventType "swiss"]
[EventRounds "9"]
[EventCountry "SLO"]
[SourceTitle "TD"]
[Source "ChessBase"]
[SourceDate "1994.03.01"]
[SourceVersion "1"]
[SourceVersionDate "1994.03.01"]
[SourceQuality "1"]

1. e4 c5 2. Nf3 e6 3. d4 cxd4 4. Nxd4 Nc6 5. Nc3 Qc7 6. Be3 Nf6 7. Bd3 a6 8. 0-0 Ne5 9. h3 Bc5 10. Qe2 d6 11. f4 Ng6 12. Nb3 Bxe3+ 13. Qxe3 b5 14. Kh1 0-0 15. a4 b4 16. Ne2 Bb7 17. Ng3 a5 18. Rf2 d5 19. e5 Nd7 20. Re1 Bc6 21. Nd4 Bxa4 22. b3 Bc6 23. f5 exf5 24. Ngxf5 Ndxe5 25. Nxg7 Kxg7 26. Bxg6 Nxg6 27. Nf5+ Kg8 28. Qh6 f6 29. Re7 Qxe7 30. Nxe7+ Nxe7 31. Rxf6 Rxf6 32. Qxf6 Re8 33. Qe6+ Kg7 34. g4 h6 35. h4 a4 36. g5 hxg5 37. hxg5 a3 38. Qf6+ Kg8 39. Qe6+ Kg7 40. Qf6+ 1/2-1/2

[Event "Portoroz op"]
[Site "Portoroz"]
[Date "1994.??.??"]
[Round "?"]
[White "Kaplan, Lael"]
[Black "Polgar, Sofia"]
[Result "0-1"]
[WhiteElo "2215"]
[BlackElo "2450"]
[PlyCount "80"]
[EventDate "1994.04.??"]
[EventType "swiss"]
[EventRounds "9"]
[EventCountry "SLO"]
[SourceTitle "TD"]
[Source "ChessBase"]
[SourceDate "1994.03.01"]
[SourceVersion "1"]
[SourceVersionDate "1994.03.01"]
[SourceQuality "1"]

1. e4 c5 2. Nf3 Nc6 3. d4 cxd4 4. Nxd4 e6 5. Nb5 d6 6. c4 Nf6 7. N1c3 a6 8. Na3 b6 9. Be2 Bb7 10. 0-0 Nb8 11. f3 Nbd7 12. Be3 Be7 13. Qd2 0-0 14. Rfd1 Qc7 15. Rac1 Rfe8 16. Bf1 Rad8 17. Qf2 Ba8 18. Nab1 Qb8 19. Kh1 Kh8 20. a3 Rg8 21. b4 g5 22. Nd2 Rde8 23. Nb3 g4 24. Be2 Rg7 25. Rd2 Reg8 26. Rcd1 g3 27. hxg3 Rxg3 28. Bf1 Nh5 29. Ne2 Bh4 30. Rxd6 Rh3+ 31. gxh3 Bxf2 32. Bxf2 Ne5 33. Rxb6 Qc7 34. Bg2 Qxc4 35. Nbd4 Nd3 36. Bh4 e5 37. Nf5 Qc2 38. Rg1 Qxe2 39. Ng3 Nxg3+ 40. Kh2 Nf1+ 0-1

[Event "Portoroz op"]
[Site "Portoroz"]
[Date "1994.??.??"]
[Round "?"]
[White "Muhtarov, Leonid"]
[Black "Kaplan, Lael"]
[Result "1/2-1/2"]
[WhiteElo "2180"]
[BlackElo "2215"]
[PlyCount "150"]
[EventDate "1994.04.??"]
[EventType "swiss"]
[EventRounds "9"]
[EventCountry "SLO"]
[SourceTitle "TD"]
[Source "ChessBase"]
[SourceDate "1994.03.01"]
[SourceVersion "1"]
[SourceVersionDate "1994.03.01"]
[SourceQuality "1"]

1. c4 c5 2. Nf3 Nf6 3. Nc3 Nc6 4. d4 cxd4 5. Nxd4 g6 6. g3 Bg7 7. Bg2 0-0 8. Nc2 Ng4 9. Bd2 d6 10. 0-0 Be6 11. b3 a6 12. Rc1 Rb8 13. h3 Nf6 14. Nd5 Bd7 15. Bc3 Nxd5 16. Bxg7 Ne3 17. Nxe3 Kxg7 18. Qd2 Be6 19. Rfd1 Kg8 20. Nd5 Re8 21. Qb2 Qc8 22. Kh2 b6 23. Qd2 Ne5 24. Qe3 Qc5 25. Qf4 a5 26. Kg1 Rbc8 27. Nc3 f6 28. Bd5 Bxd5 29. Rxd5 Qc6 30. Qe3 Kg7 31. Rb5 Nd7 32. Nd5 Rb8 33. Rd1 Nc5 34. a3 Kf7 35. Nf4 e6 36. Ng2 Na6 37. Qd2 Red8 38. Qh6 Kg8 39. Nf4 Qe8 40. Ng2 Nc7 41. a4 Nxb5 42. axb5 d5 43. Rc1 Rbc8 44. Qe3 d4 45. Qf3 Qe7 46. e3 e5 47. exd4 Rxd4 48. Ne3 Qd6 49. Ng4 Kg7 50. Qe3 Rd1+ 51. Rxd1 Qxd1+ 52. Kg2 Qd6 53. Qh6+ Kg8 54. Ne3 Re8 55. Nd5 f5 56. h4 Re6 57. h5 Qd8 58. Qe3 Qd6 59. Qg5 Kg7 60. Ne3 Qf8 61. h6+ Kf7 62. Nd5 Qd6 63. Kg1 Ke8 64. Kg2 Qd8 65. Qe3 Kf7 66. f4 exf4 67. Qd4 Qf8 68. Nxf4 Rd6 69. Qe5 Qe7 70. Qg7+ Ke8 71. Qg8+ Kd7 72. Nd5 Qe4+ 73. Kf2 Qc2+ 74. Kg1 Qc1+ 75. Kg2 Qd2+ 1/2-1/2

[Event "Vienna op"]
[Site "Vienna"]
[Date "1994.??.??"]
[Round "7"]
[White "Pavasovic, Dusko"]
[Black "Kaplan, Lael"]
[Result "1-0"]
[WhiteElo "2425"]
[BlackElo "2195"]
[PlyCount "55"]
[EventDate "1994.10.??"]
[EventType "swiss"]
[EventRounds "9"]
[EventCountry "AUT"]
[SourceTitle "EXT 1998"]
[Source "ChessBase"]
[SourceDate "1997.11.17"]
[SourceVersion "1"]
[SourceVersionDate "1997.11.17"]
[SourceQuality "1"]

1. e4 c5 2. c3 Nf6 3. e5 Nd5 4. d4 cxd4 5. Nf3 Nc6 6. cxd4 d6 7. Bc4 Nb6 8. Bb3 dxe5 9. d5 Na5 10. Nc3 Nxb3 11. Qxb3 g6 12. Nxe5 Bg7 13. Bf4 0-0 14. Rd1 Bf5 15. 0-0 Rc8 16. Rfe1 Re8 17. h3 Bxe5 18. Bxe5 Nc4 19. Qxb7 Qb6 20. Qxb6 axb6 21. Re2 Nxe5 22. Rxe5 f6 23. Re2 Kf7 24. d6 exd6 25. Rxe8 Rxe8 26. Rxd6 Re1+ 27. Kh2 Re6 28. Rd7+ 1-0

[Event "Bled op 15th"]
[Site "Bled"]
[Date "1994.??.??"]
[Round "?"]
[White "Saradjen, Janko"]
[Black "Kaplan, Lael"]
[Result "1/2-1/2"]
[WhiteElo "2160"]
[BlackElo "2215"]
[PlyCount "83"]
[EventDate "1994.03.??"]
[EventType "swiss"]
[EventRounds "9"]
[EventCountry "SLO"]
[SourceTitle "TD"]
[Source "ChessBase"]
[SourceDate "1994.03.01"]
[SourceVersion "1"]
[SourceVersionDate "1994.03.01"]
[SourceQuality "1"]

1. e4 c5 2. d4 cxd4 3. c3 Nf6 4. e5 Nd5 5. Nf3 Nc6 6. Qb3 e6 7. cxd4 d6 8. Bb5 Bd7 9. 0-0 dxe5 10. dxe5 Be7 11. Nc3 Nxc3 12. Qxc3 Nb4 13. Rd1 Nd5 14. Bxd7+ Qxd7 15. Qc4 0-0 16. Qg4 Kh8 17. Bg5 h6 18. Rxd5 Qxd5 19. Bxe7 Rfc8 20. Qf4 Kg8 21. h3 Rc2 22. b3 Rac8 23. Nd4 R2c7 24. Bd6 Rc3 25. Rd1 Rc2 26. Qg4 Rc1 27. Rxc1 Rxc1+ 28. Kh2 Ra1 29. a3 Ra2 30. Qf4 Ra1 31. Bb4 a5 32. Bd2 Rxa3 33. Be3 a4 34. bxa4 Rxa4 35. g4 g5 36. Qf6 Rxd4 37. Qxh6 Qxe5+ 38. Kg2 Qd5+ 39. Kg3 Qe5+ 40. Kg2 Qd5+ 41. Kg3 Qe5+ 42. Kg2 1/2-1/2

[Event "Vienna op"]
[Site "Vienna"]
[Date "1994.??.??"]
[Round "2"]
[White "Votava, Jan"]
[Black "Kaplan, Lael"]
[Result "0-1"]
[WhiteElo "2410"]
[BlackElo "2195"]
[PlyCount "50"]
[EventDate "1994.10.??"]
[EventType "swiss"]
[EventRounds "9"]
[EventCountry "AUT"]
[SourceTitle "EXT 1998"]
[Source "ChessBase"]
[SourceDate "1997.11.17"]
[SourceVersion "1"]
[SourceVersionDate "1997.11.17"]
[SourceQuality "1"]

1. e4 c5 2. Nf3 e6 3. g3 Nc6 4. Bg2 Nf6 5. d3 d5 6. Nbd2 Be7 7. 0-0 b6 8. Re1 Bb7 9. c3 h6 10. a3 Qc7 11. b4 0-0 12. Bb2 Rfd8 13. e5 Nd7 14. d4 Ba6 15. Rc1 Rac8 16. Qb3 Bd3 17. c4 dxc4 18. Nxc4 Bxc4 19. Qxc4 cxb4 20. Nd2 bxa3 21. Ba1 Bb4 22. Red1 Bxd2 23. Rxd2 Ndxe5 24. dxe5 Rxd2 25. Bxc6 Qxc6 0-1

[Event "Oviedo rapid"]
[Site "Oviedo"]
[Date "1993.??.??"]
[Round "5"]
[White "Kaplan, Lael"]
[Black "Komljenovic, Davorin"]
[Result "0-1"]
[WhiteElo "2200"]
[BlackElo "2475"]
[PlyCount "53"]
[EventDate "1993.??.??"]
[EventType "swiss (rapid)"]
[EventRounds "13"]
[EventCountry "ESP"]
[SourceTitle "CBM 038 Extra"]
[Source "ChessBase"]
[SourceDate "1994.03.01"]
[SourceVersion "1"]
[SourceVersionDate "1994.03.01"]
[SourceQuality "1"]

1. e4 c5 2. Nf3 d6 3. d4 cxd4 4. Nxd4 Nf6 5. Nc3 g6 6. Be3 Bg7 7. f3 0-0 8. Qd2 Nc6 9. Bc4 Bd7 10. h4 Rc8 11. Bb3 h5 12. 0-0-0 Ne5 13. Bg5 Rc5 14. Kb1 Re8 15. g4 hxg4 16. Bxf6 Bxf6 17. Nd5 Rxd5 18. Bxd5 Qb6 19. Bb3 a5 20. f4 Nc6 21. c3 Qc5 22. h5 g5 23. f5 Ne5 24. h6 Bc6 25. Rde1 a4 26. Nxc6 Qxc6 27. Bd5 0-1

[Event "Chicago op"]
[Site "Chicago"]
[Date "1993.??.??"]
[Round "7"]
[White "Kaplan, Lael"]
[Black "Manion, Josh"]
[Result "1-0"]
[WhiteElo "2200"]
[BlackElo "2295"]
[PlyCount "116"]
[EventDate "1993.??.??"]
[EventType "swiss"]
[EventRounds "7"]
[EventCountry "USA"]
[SourceTitle "EXT 1997"]
[Source "ChessBase"]
[SourceDate "1996.11.15"]
[SourceVersion "1"]
[SourceVersionDate "1996.11.15"]
[SourceQuality "1"]

1. e4 c5 2. Nf3 Nc6 3. d4 cxd4 4. Nxd4 Nf6 5. Nc3 e5 6. Ndb5 d6 7. Bg5 a6 8. Na3 b5 9. Bxf6 gxf6 10. Nd5 f5 11. g3 Bg7 12. Bg2 fxe4 13. Bxe4 Be6 14. Qh5 Rc8 15. 0-0 Ne7 16. Nxe7 Qxe7 17. c3 d5 18. Bf5 Bxf5 19. Qxf5 0-0 20. Nc2 Rc5 21. Rfe1 Qd6 22. Re2 Rfc8 23. Ne1 e4 24. Rd1 Qg6 25. Qd7 Qc6 26. Qxc6 R8xc6 27. Nc2 a5 28. a3 Rb6 29. Ne3 Rd6 30. Red2 Kf8 31. Rxd5 Rdxd5 32. Rxd5 Rxd5 33. Nxd5 Be5 34. f4 exf3 35. Kf2 f5 36. Kxf3 Kf7 37. Nf4 Ke7 38. Ke3 Kd6 39. Nd3 Bg7 40. Nf4 Be5 41. Kd3 Kc5 42. b4+ axb4 43. axb4+ Kc6 44. Ne2 Kd5 45. Nd4 Bxd4 46. cxd4 h6 47. h3 h5 48. h4 Ke6 49. Ke3 Kd5 50. Kf4 Kxd4 51. Kxf5 Kc4 52. g4 hxg4 53. Kxg4 Kxb4 54. h5 Ka3 55. h6 b4 56. h7 b3 57. h8Q b2 58. Qc3+ Ka2 1-0

[Event "Balatonbereny op"]
[Site "Balatonbereny"]
[Date "1993.??.??"]
[Round "2"]
[White "Kustar, Sandor"]
[Black "Kaplan, Lael"]
[Result "1-0"]
[WhiteElo "2335"]
[BlackElo "2185"]
[PlyCount "101"]
[EventDate "1993.09.??"]
[EventType "swiss"]
[EventRounds "9"]
[EventCountry "HUN"]
[SourceTitle "EXT 1997"]
[Source "ChessBase"]
[SourceDate "1996.11.15"]
[SourceVersion "1"]
[SourceVersionDate "1996.11.15"]
[SourceQuality "1"]

1. Nf3 Nf6 2. c4 c5 3. Nc3 Nc6 4. d4 cxd4 5. Nxd4 g6 6. g3 Bg7 7. Bg2 0-0 8. 0-0 Nxd4 9. Qxd4 d6 10. Qd3 Rb8 11. Rd1 b6 12. Bg5 h6 13. Bf4 Bb7 14. e4 Nd7 15. Rac1 a6 16. Qe2 Re8 17. Be3 Bc6 18. b3 Qc8 19. Nd5 Qb7 20. Bd2 a5 21. Bc3 Rbd8 22. Bxg7 Kxg7 23. h4 e6 24. h5 g5 25. Qb2+ f6 26. Rd2 Rf8 27. Qc2 Nc5 28. Nc3 Rf7 29. Rcd1 Rfd7 30. a3 Na6 31. Nb5 e5 32. Nxd6 Qc7 33. Nf5+ Kh7 34. Ne3 Rxd2 35. Rxd2 Rxd2 36. Qxd2 Nc5 37. Qc2 Qd6 38. Nd5 Bd7 39. b4 Nb7 40. Qc3 Kg7 41. Qe3 axb4 42. axb4 Bc6 43. Qa3 Qd8 44. Qa7 Kf8 45. Qxb6 Qxb6 46. Nxb6 Nd6 47. c5 Nb5 48. Nd5 Kf7 49. Ne3 Nc3 50. Nf5 Na2 51. b5 1-0

[Event "US Open-90"]
[Site "Chicago"]
[Date "1989.??.??"]
[Round "5"]
[White "Gurevich, Dmitry"]
[Black "Kaplan, Lael"]
[Result "1-0"]
[WhiteElo "2480"]
[BlackElo "2240"]
[PlyCount "69"]
[EventDate "1989.08.05"]
[EventType "swiss"]
[EventRounds "12"]
[EventCountry "USA"]
[SourceTitle "EXT 1997"]
[Source "ChessBase"]
[SourceDate "1996.11.15"]
[SourceVersion "1"]
[SourceVersionDate "1996.11.15"]
[SourceQuality "1"]

1. d4 Nf6 2. c4 g6 3. Nc3 Bg7 4. e4 0-0 5. Be2 d6 6. Nf3 e5 7. 0-0 Nc6 8. d5 Ne7 9. Ne1 Nd7 10. Be3 f5 11. f3 Nf6 12. c5 f4 13. Bf2 g5 14. cxd6 cxd6 15. Rc1 Ng6 16. Nb5 Rf7 17. Nxa7 g4 18. Qb3 g3 19. Bb6 gxh2+ 20. Kxh2 Qf8 21. Nxc8 Rxc8 22. Rxc8 Qxc8 23. Nd3 Bf8 24. Rc1 Qe8 25. Nf2 Be7 26. Bb5 Qf8 27. Qc4 Qh6+ 28. Nh3 Rg7 29. Qc8+ Nf8 30. Qf5 Qh4 31. Bf2 Qh6 32. Rc8 Nh5 33. Qe6+ Qxe6 34. dxe6 Bf6 35. Be8 1-0